000 00576nam a2200217Ia 4500
003 OSt
005 20230317115143.0
008 210423s2011 xx 000 0 und d
020 _a978-0-06-202614-9
040 _cAL
041 _aeng
082 _a922.22
_223
_bSPIM
100 _aSPINK (Kathryn)
_976128
245 _aMother Teresa: an authorised biography
260 _aNew York
_bHarper Collins
_c2011
300 _axvi,336
_bPB
365 _b499
_cINR
650 _aBiography
_976129
906 _aan ; authorised ; biography ; Mother ; Teresa:
942 _2ddc
_cBK
999 _c168637
_d168637